| 000 | 00833cam a22002775a 4500 | ||
|---|---|---|---|
| 001 | 1491 | ||
| 005 | 20230828155007.0 | ||
| 008 | 960409s1996 nyua j 001 0 eng d | ||
| 020 | _a0060248025 | ||
| 020 | _a0060248033 (lib bdg.) | ||
| 040 |
_aUM _cUM _dDLC _beng |
||
| 050 | 0 | 0 |
_aPS3569.I47224 _bF3 1996 |
| 082 | 0 | 4 |
_a811/.54 _220 |
| 100 | 1 | _aSilverstein, Shel. | |
| 245 | 1 | 0 |
_aFalling up : _bpoems and drawings / _cby Shel Silverstein. |
| 260 |
_aNew York : _bHarperCollins, _c1996 |
||
| 300 |
_a171 pages : _billustrations ; _c23 cm |
||
| 500 | _aIncludes index. | ||
| 520 | _aA collection of humorous poems and drawings. | ||
| 521 | _aNP | ||
| 650 | 0 | _aChildren's poetry, American. | |
| 650 | 1 | _aHumorous poetry. | |
| 650 | 1 | _aAmerican poetry. | |
| 906 |
_a7 _bcbc _ccopycat _d2 _eopcn _f19 _gy-gencatlg |
||
| 942 |
_2ddc _cBK _n0 |
||
| 999 |
_c1491 _d1491 |
||